QA #17 - Personnages de l'Apprenti Père Noël par images - Statistiques

Statistiques générales
  • Ce quiz a été pris 51 fois
  • Le résultat moyen est 3 sur 8
Statistiques - réponses
Par images Réponse % Correct
Père Noël
91%
Nicolas Barnsworth
78%
Randolph
61%
Solange Folichon
39%
Edgar
30%
Rufus
20%
Tim Tim
15%
Nic Nac
11%
Aucun quiz correspondant
Distribution des résultats
% des personnes avec chaque résultat
Percentile par nombre de réponses
Votre historique - résultats
Vous n’avez pas pris ce quiz